| 000 | 00592cam a22002171 4500 | ||
|---|---|---|---|
| 001 | sa 66001483 | ||
| 003 | DLC | ||
| 005 | 20260227112222.0 | ||
| 008 | 960920s195u pk 000 0 pusr | ||
| 010 | _asa 66001483 | ||
| 025 | _aPL480:P-Pushto-99 | ||
| 035 | _a(OCoLC)35598771 | ||
| 040 |
_aDLC _cCLU _dCLU _dDLC |
||
| 042 | _apremarc | ||
| 050 | 0 | 0 |
_aPK6820.A8 _bD3 |
| 100 | 1 |
_aAsīr, ʻAbd Allāh Jān, _d1910- |
|
| 245 | 0 | 0 |
_aDa sparlī gul, _cby ʻAbd Allāh Jān Asīr. |
| 260 |
_aPishāwar, _bIdārah-yi Ishāʻat Sarḥad _c[195-] |
||
| 300 |
_a128 p. _c19 cm. |
||
| 500 | _aPoems. | ||
| 999 |
_c67838 _d67838 |
||